| 000 | 00557nam a2200193 a 4500 | ||
|---|---|---|---|
| 005 | 20221111063533.0 | ||
| 008 | 040126s2002 mx r 000 0 spa d | ||
| 020 | _a9682465923 | ||
| 035 | _aUPN01000131528 | ||
| 049 | _aCG | ||
| 050 | 4 |
_aHF5387 _bI2.2 |
|
| 100 | 1 | _aIbarra Ramos, Ramón | |
| 245 | 1 | 0 |
_aCódigo de ética : _bcómo implantarlo en la empresa / _cRamón Ibarra Ramos. |
| 260 |
_aMéxico : _bTrillas, _c2002. |
||
| 300 |
_a112 p. : _bil. |
||
| 650 | 4 |
_aÉtica en los negocios _915096 |
|
| 650 | 2 |
_aÉtica profesional _96936 |
|
| 905 | _aLibro | ||
| 999 |
_c103683 _d103683 |
||